De Sagunto a Cartago o Impresiones de un viaje a la Corte de Túnez / (Record no. 20307)

MARC details
000 -LEADER
campo de control de longitud fija 00908nam a2200253 i 4500
001 - NÚMERO DE CONTROL
campo de control 20307
003 - IDENTIFICADOR DE NÚMERO DE CONTROL
campo de control ES-MaACL
005 - FECHA Y HORA DE LA ÚLTIMA TRANSACCIÓN
campo de control 20230906152256.0
007 - CAMPO FIJO DE DESCRIPCIÓN FÍSICA--INFORMACIÓN GENERAL
campo de control de longitud fija t|
008 - DATOS DE LONGITUD FIJA--INFORMACIÓN GENERAL
campo de control de longitud fija 021111s1866 sp ||||1| spa d
080 ## - NÚMERO DE LA CLASIFICACIÓN DECIMAL UNIVERSAL
Número de la Clasificación Decimal Universal 913(611)
080 ## - NÚMERO DE LA CLASIFICACIÓN DECIMAL UNIVERSAL
Número de la Clasificación Decimal Universal 94(397.3)
100 1# - ENTRADA PRINCIPAL--NOMBRE DE PERSONA
Nombre de persona Aguirre Matiol, José.
9 (RLIN) 18886
245 10 - MENCIÓN DEL TÍTULO
Título De Sagunto a Cartago o Impresiones de un viaje a la Corte de Túnez /
Mención de responsabilidad, etc. por D. José Aguirre Matiol.
246 3# - FORMA VARIANTE DEL TITULO
Título propio/Titulo breve Impresiones de un viaje a la Corte de Túnez
260 ## - PUBLICACIÓN, DISTRIBUCIÓN, ETC.
Lugar de publicación, distribución, etc. Valencia :
Nombre del editor, distribuidor, etc. [s.n.],
Fecha de publicación, distribución, etc. 1866 (
Fabricante Imp. de José Domenech)
300 ## - DESCRIPCIÓN FÍSICA
Extensión 136 p. ;
Dimensiones 20 cm.
530 ## - NOTA DISPONIBLE DE FORMULARIO FÍSICO ADICIONAL
Nota de formato físico adicional disponible Disponible en formato digital.
651 #4 - PUNTO DE ACCESO ADICIONAL DE MATERIA--NOMBRE GEOGRÁFICO
Nombre geográfico Sagunto-
Subdivisión general Historia.
9 (RLIN) 136843
651 #4 - PUNTO DE ACCESO ADICIONAL DE MATERIA--NOMBRE GEOGRÁFICO
Nombre geográfico Túnez-
Subdivisión general Descripción.
9 (RLIN) 158644
651 #4 - PUNTO DE ACCESO ADICIONAL DE MATERIA--NOMBRE GEOGRÁFICO
Nombre geográfico Cartago (Ciudad desaparecida)-
Subdivisión general Historia.
9 (RLIN) 147979
852 ## - LOCALIZACIÓN
Ubicación ES-MaACL
Número de control de estantería G-13860
856 ## - LOCALIZACIÓN Y ACCESO ELECTRÓNICOS
Identificador Uniforme de Recursos <a href="http://bdh-rd.bne.es/viewer.vm?id=0000079160&page=1 ">http://bdh-rd.bne.es/viewer.vm?id=0000079160&page=1 </a>
Nota pública Biblioteca Digital Hispánica
Holdings
Estatus retirado Estado de pérdida Estado de daño No para préstamo Colección Biblioteca de origen Biblioteca actual Ubicación en estantería Fecha de adquisición Fuente de adquisición Total de préstamos Signatura topográfica completa Código de barras Visto por última vez Precio de reemplazo Tipo de ítem Koha
        Colección digital Biblioteca del Ateneo de Madrid Biblioteca del Ateneo de Madrid Sala Pecera Planta 3 17/01/2008     G-13860 1020822 23/02/2023 23/02/2023 Libro impreso antiguo